Κλαδική μελέτη για τον κλάδο κονσερβοποιήσεως ροδάκινου - βερύκοκκου
Saved in:
| Main Author: | |
|---|---|
| Other Authors: | |
| Format: | Book |
| Language: | Greek |
| Published: |
Αθήνα :
Α.Τ.Ε.,
1987
|
| Series: | Μελέτες για την αγροτική οικονομία ;
; 26 |
| Subjects: | |
| Tags: |
Add Tag
No Tags, Be the first to tag this record!
|
MARC
| LEADER | 00000nam a2200000 i 4500 | ||
|---|---|---|---|
| 001 | 1/22526 | ||
| 008 | 950118s1987 gre d | ||
| 035 | |l 10021916 | ||
| 040 | |a GR-MY-UA |b gre |e aacr | ||
| 041 | 0 | |a gre | |
| 082 | 0 | |a 641.409495 | |
| 100 | 1 | |a Βαφειάδης, Γιώργος. | |
| 245 | 1 | 0 | |a Κλαδική μελέτη για τον κλάδο κονσερβοποιήσεως ροδάκινου - βερύκοκκου |
| 260 | |a Αθήνα : |b Α.Τ.Ε., |c 1987 | ||
| 300 | |a 91 σ. | ||
| 490 | 1 | |a Μελέτες για την αγροτική οικονομία |v ; 26 | |
| 650 | 0 | 0 | |a Canned foods industry |z Greece. |
| 650 | 0 | 0 | |a Food industry and trade |z Greece. |
| 650 | 0 | 0 | |a Apricot |x Preservation. |
| 650 | 0 | 0 | |a Peach |x Preservation. |
| 700 | 1 | |a Πλαστουργός, Σ. | |
| 830 | 0 | |a Μελέτες για την αγροτική οικονομία ; |v ; 26 | |
| 852 | |a INST |b CHIOS |e 19950118 |h 641.409495 ΒΑΦ |p 005200004800 |q 005200004800 |t BK |y 0 | ||
| 909 | |a Χ |b 007731 | ||